| 000 | 01522nam0a2200385 4500 | ||
|---|---|---|---|
| 001 | RU\NLR\bibl\2053488 | ||
| 005 | 20260408195650.0 | ||
| 010 |
_a978-5-86781-933-0 _91000 |
||
| 021 |
_aRU _b2013-47302 _93281 |
||
| 035 | _a(NLR Aleph) 002040465 | ||
| 035 | _a(nilc)RuMoRGB-006595406 | ||
| 090 |
_a4593557 _c4593557 |
||
| 100 | _a20130617d2012 k y0rusy50 ca | ||
| 101 | 0 | _arus | |
| 102 | _aRU | ||
| 105 | _ay zzzz||||| | ||
| 200 | 1 |
_aРелигиозная картина мира: гносеологический аспект _eмонография _fЮ.Е. Коростелева _gМ-во образования и науки Рос. Федерации, Магнитог. гос. ун-т |
|
| 210 |
_aМагнитогорск _cМаГУ _d2012 |
||
| 215 |
_a123 с. _d21 |
||
| 320 | _aБиблиогр.: с. 104-122 (275 назв.) и в подстроч. примеч. | ||
| 606 |
_aТрансцендентное (филос.) _3RU\NLR\AUTH\661249273 _92074284 |
||
| 606 |
_aКартина мира (религ.) _3RU\NLR\AUTH\661403165 _92348324 |
||
| 686 | 1 | _aЮ215.0 | |
| 686 | 1 | _aЭ212.01 | |
| 700 | 1 |
_aКоростелева _bЮ. Е. _gЮлия Евгеньевна _4070 |
|
| 801 | 0 |
_aRU _bRuMoRKP _c20130617 _gRCR |
|
| 801 | 1 |
_aRU _bRuMoRKP _c20130617 _2rusmarc |
|
| 801 | 2 |
_aRU _bРГБ _c20130703 _grcr |
|
| 801 | 2 |
_aRU _bNLR _c20130715 _grcr |
|
| 830 | _aавт. раскрыт по кн. | ||
| 942 | _cBOOK | ||
| 980 | _aNBR | ||
| 980 | _aNB | ||